| 000 | 00565nam a22001817a 4500 | ||
|---|---|---|---|
| 005 | 20241127154243.0 | ||
| 008 | 241127b |||||||| |||| 00| 0 eng d | ||
| 020 | _a9780618221639 | ||
| 050 |
_aQD31.3 _b.Z86 |
||
| 100 | _aZumdahl, Steven S. | ||
| 245 |
_aStudent Solutions Guide/ _bChemistry _cSteven S. Zumdahl, Susan Arena Zumdahl & Thomas J. Hummel |
||
| 250 | _a6th ed. | ||
| 260 |
_aBoston _bHoughton Mifflin Company _c2003 |
||
| 300 |
_av.325p. _bill. _c27.5cm |
||
| 700 | _aZumdahl, Susana Arena | ||
| 700 | _aHummel, Thomas J. | ||
| 942 |
_2lcc _cBK _e6th ed. _n0 |
||
| 999 |
_c1640 _d1640 |
||